[Event "GER-chT U20 Girls"]
[Site "Muenster"]
[Date "2022.12.27"]
[Round "1"]
[White "Dieckmann, Luna"]
[Black "Hallfarth, Luise"]
[Result "0-1"]
[WhiteElo "1100"]
[BlackElo "1469"]
[PlyCount "80"]
[EventDate "2022.12.26"]
[EventType "team-swiss"]
[EventRounds "7"]
[EventCountry "GER"]
[SourceTitle "CBM 212 Extra"]
[Source "ChessBase"]
[SourceDate "2023.03.31"]
[SourceVersion "1"]
[SourceVersionDate "2023.03.31"]
[SourceQuality "1"]
[WhiteTeam "Porta Westfalica"]
[BlackTeam "Nordhorn Blanke"]
[WhiteTeamCountry "GER"]
[BlackTeamCountry "GER"]

1. e4 c5 2. Nf3 Nc6 3. d4 cxd4 4. Nxd4 g6 5. Nc3 Bg7 6. Be3 Nf6 7. Bc4 0-0 8. Bb3 Qa5 9. 0-0 d6 10. Re1 Ng4 11. Nxc6 bxc6 12. Bd2 Qe5 13. g3 Qh5 14. h4 Qc5 15. Qf3 Ne5 16. Qg2 Bg4 17. Be3 Qa5 18. Rf1 Bf3 19. Qh3 d5 20. exd5 cxd5 21. Bd4 Bg4 22. Qg2 Nf3+ 23. Kh1 Nxd4 24. Bxd5 Rad8 25. Rac1 Rxd5 26. Nxd5 Bf3 27. Nxe7+ Kh8 28. Rfe1 Bxg2+ 29. Kxg2 Qc5 30. Kg1 Ne6 31. Nxg6+ hxg6 32. a3 Bxb2 33. Rb1 Qxc2 34. f4 Rd8 35. f5 gxf5 36. g4 Rd2 37. gxf5 Bd4+ 38. Kf1 Rf2+ 39. Kg1 Rg2+ 40. Kh1 Rh2# 0-1

[Event "GER-chT U14 Girls"]
[Site "Neumuenster"]
[Date "2017.12.28"]
[Round "3.4"]
[White "Hallfarth, Luise"]
[Black "Voigt, Anastasia"]
[Result "0-1"]
[WhiteElo "1256"]
[BlackElo "1350"]
[PlyCount "104"]
[EventDate "2017.12.26"]
[EventType "team-swiss"]
[EventRounds "7"]
[EventCountry "GER"]
[SourceTitle "CBM 182 Extra"]
[Source "ChessBase"]
[SourceDate "2018.02.23"]
[SourceVersion "1"]
[SourceVersionDate "2018.02.23"]
[SourceQuality "1"]
[WhiteTeam "Nordhorn Blanke"]
[BlackTeam "Halle USV"]
[WhiteTeamCountry "GER"]
[BlackTeamCountry "GER"]

1. e4 e5 2. Nf3 Nc6 3. Bc4 Bc5 4. 0-0 Nf6 5. d4 Bxd4 6. Nxd4 exd4 7. Bg5 0-0 8. Nd2 d6 9. h3 h6 10. Bxf6 Qxf6 11. Nf3 Ne5 12. Be2 Nxf3+ 13. Bxf3 Be6 14. Re1 c5 15. Qe2 Qg6 16. g4 Rad8 17. Bg2 Qg5 18. e5 b6 19. a3 h5 20. Qe4 hxg4 21. hxg4 Bxg4 22. f4 Qf5 23. Qxf5 Bxf5 24. Rac1 Rfe8 25. Kf2 dxe5 26. fxe5 d3 27. cxd3 Rxd3 28. Be4 Bxe4 29. Rxe4 Rd2+ 30. Kf3 Rxb2 31. Rh1 Rb3+ 32. Kf2 Rxa3 33. Reh4 Kf8 34. Rh5 c4 35. Rf5 Re6 36. Rh8+ Ke7 37. Rh7 Rg6 38. Rf4 c3 39. Rc4 Ra2+ 40. Kf3 c2 41. Kf4 Kd7 42. Rh1 c1Q+ 43. Rhxc1 Rd2 44. Kf5 Rf2+ 45. Ke4 Rg4+ 46. Ke3 Rxc4 47. Rxc4 Rh2 48. Rd4+ Ke6 49. Kf4 Rf2+ 50. Ke3 Rf5 51. Re4 Rxe5 52. Rxe5+ Kxe5 0-1

[Event "Niedersachsen-ch U10"]
[Site "Rotenburg"]
[Date "2013.03.25"]
[Round "4"]
[White "Meijerink, Inken"]
[Black "Hallfarth, Luise"]
[Result "1-0"]
[WhiteElo "888"]
[BlackElo "724"]
[PlyCount "45"]
[EventDate "2013.03.23"]
[EventType "swiss"]
[EventRounds "11"]
[EventCountry "GER"]
[SourceTitle "EXT 2015"]
[Source "ChessBase"]
[SourceDate "2014.11.20"]
[SourceVersion "1"]
[SourceVersionDate "2014.11.20"]
[SourceQuality "1"]

1. e4 e5 2. Nf3 Nc6 3. Bc4 Bc5 4. c3 Nf6 5. d4 exd4 6. cxd4 Bb4+ 7. Nc3 Nxe4 8. 0-0 Nxc3 9. bxc3 Bxc3 10. Ba3 d6 11. Qe2+ Be6 12. Bxe6 fxe6 13. Qxe6+ Ne7 14. Rac1 Ba5 15. Ng5 Qd7 16. Qf7+ Kd8 17. Ne6+ Kc8 18. Bb4 Bxb4 19. Rxc7+ Kb8 20. Rxd7 Nd5 21. Rd8+ Rxd8 22. Nxd8 Bc3 23. Qxb7# 1-0